Riconosci il Trasferimento - Quiz n°17 - Statistics

Statistiche generali
  • Questo quiz è stato fatto 415 volte
  • Il punteggio medio è 12 su 20
Statistiche sulle risposte
Ruolo Nazione Trasferimenti Calciatore % Corretto
Portiere Francia Lilla 2015 - Milan 2021 Mike Maignan
98%
Poritere Spagna Real Madrid 1999 - Porto 2015 Iker Casillas
92%
Difensore Slovacchia Žilina 2012 - ViOn Zlaté Moravce 2013 - Žilina 2013 - Sampdoria 2016 - Inter 2017 Milan Škriniar
87%
Centrocampista / Attaccante Italia Ternana 2005 - Udinese 2007 - Livorno 2008 - Juventus 2010 - Parma 2010 - Cesena 2011 - Lazio 2012 - Inter 2016 - Sampdoria 2020 - Salernitana 2022 Antonio Candreva
82%
Difensore Italia Genoa 2003 - Juventus 2004 - Genoa 2006 - Juventus 2007 - Genoa 2008 - Zenit San Pietroburgo 2011 - Genoa 2018 - Toronto FC 2022 - Genoa 2023 Domenico Criscito
80%
Difensore / Centrocampista Italia Milan 2006 - Padova 2009 - Palermo 2010 - Torino 2011 - Manchester United 2015 - Parma 2019 - Inter 2020 Matteo Darmian
74%
Centrocampista Francia Amiens 2016 - Olympique Lione 2017 - Tottenham 2019 - Olympique Lione 2022 - Napoli 2022 Tanguy Ndombele
73%
Difensore Brasile Bahia 2001 - Siviglia 2002 - Barcellona 2008 - Juventus 2016 - Paris Saint-Germain 2017 - San Paolo 2019 - Barcellona 2022 - Pumas UNAM 2022 Dani Alves
67%
Centrocampista Belgio Standard Liegi 2006 - Benfica 2011 - Zenti San Pietroburgo 2012 - Tianjin Quanjian 2017 - Borussia Dortmund 2018 - Altetico Madrid 2022 Axel Witsel
66%
Centrocampista Germania Schalke 04 2011 - Wolfsburg 2015 - Paris Saint-Germain 2017 - Benfica 2022 Julian Draxler
65%
Centrocampista Italia Juventus 2006 - Empoli 2007 - Juventus 2008 - Zenit San Pietroburgo 2018 Claudio Marchisio
62%
Portiere Spagna Baskonia 2014 - Athletic Bilbao B 2016 - Athletic Bilbao 2018 Unai Simón
57%
Difensore / Centrocampista Spagna Barcellona B 2016 - Barcellona 2017 - Eibar 2018 - Getafe 2019 - Brighton 2021 - Chelsea 2022 Marc Cucurella
56%
Difensore Brasile Figueirense 2003 - Ajax 2004 - Rentistas 2005 - Real Madrid Castilla 2005 - Deportivo La Coruña 2005 - Atletico Madrid 2010 - Chelsea 2014 - Atletico Madrid 2015 - Flamengo 2019 Filipe Luís
55%
Attaccante Francia Nantes 2 2015 - Nantes 2019 - Boulogne 2019 - Nantes 2020 - Nantes 2020 - Eintracht Francoforte 2022 Randal Kolo Muani
50%
Difensore Spagna Barcellona B 2009 - Barcellona 2010 - Borussia Dortmund 2016 - Betis Siviglia 2018 - Trabzonspor 2022 Marc Bartra
46%
Centrocampista Italia Empli 2000 - Vicenza 2004 - Empoli 2004 - Frosinone 2006 - Empoli 2008 - Udinese 2009 - Frosinone 2010 - Catania 2011 - Genoa 2013 - Catania 2014 - Parma 2014 - Udinese 2015 - Catania 2017 - Triestina 2020 - Messina 2021 - Acireale 2021 - Catania 2022 Francesco Lodi
31%
Centrocampista Italia Roma 2001 - Lecco 2002 - Teramo 2002 - Palermo 2003 - Piacenza 2004 - Palermo 2005 - Udinese 2006 - Cagliari 2006 - Udinese 2007 - Juventus 2010 - Chievo 2015 - Pescara 2016 Simone Pepe
31%
Attaccante Spagna Real Madrid Castilla 2002 - Real Madrid 2005 - Osasuna 2006 - Real Madrid 2007 - Getafe 2008 - Valencia 2010 - Tottenham 2013 - Villarreal 2015 - Fenerbahçe 2017 - Granada 2019 - Levante 2021 Roberto Soldado
20%
Difensore Argentina Newell's Old Boys 1993 - Estudiantes 1995 - Deportivo de La Coruña 1997 - West Ham Utd 2006 - Racing Santander 2006 - Lazio 2007 - Maiorca 2008 - Lazio 2009 - Atalanta 2013 Lionel Scaloni
18%
Nessun quiz corrispondente trovato
Distribuzione punteggi
Percentuale di utenti per punteggio
Percentile per numero di risposta
I tuoi punteggi nel tempo
Non hai fatto questo quiz